|
|
|
|
| LEADER |
00000cam a2200000 7i4500 |
| 001 |
0000003182 |
| 002 |
000003438 |
| 005 |
20010309.0 |
| 020 |
|
|
|a 9838931195
|
| 090 |
0 |
0 |
|a F
|b ELI
|
| 100 |
0 |
|
|a Elias Haji Idris
|
| 245 |
1 |
0 |
|a Kehilangan
|c Elias Haji Idris
|
| 260 |
|
|
|a Kuala Lumpur :
|b Creative Enterprise ,
|c 1993, 2000
|
| 300 |
|
|
|a 554p. ;
|c 18cm.
|
| 650 |
0 |
0 |
|a Malay fiction
|
| 999 |
|
|
|a 036778
|b BUKU
|c FICTION
|e PERPUSTAKAAN KOMUNITI PETALING JAYA
|
| 999 |
|
|
|a 042261
|b BUKU
|c PINJAMAN
|e PERPUSTAKAAN KOMUNITI PETALING JAYA
|
| 999 |
|
|
|a 098827
|b BUKU
|c FICTION
|e PERPUSTAKAAN KOMUNITI PETALING JAYA
|
| 999 |
|
|
|a 098828
|b BUKU
|c FICTION
|e PERPUSTAKAAN KOMUNITI PETALING JAYA
|
| 999 |
|
|
|a 098829
|b BUKU
|c FICTION
|e PERPUSTAKAAN KOMUNITI PETALING JAYA
|